| 000 | 00759nam a2200241 i 4500 | ||
|---|---|---|---|
| 001 | 40481 | ||
| 003 | ES-MaACL | ||
| 005 | 20231212062533.0 | ||
| 007 | t| | ||
| 008 | 030306s1979 sp ||||1| spa d | ||
| 020 | _a84-306-3503-3 | ||
| 080 | _a398.332(460) | ||
| 100 | 1 |
_aCaro Baroja, Julio, _d1914-1995 _935403 |
|
| 245 | 1 | 3 |
_aLa estación de amor : _b(fiestas populares de mayo a San Juan) / _cJulio Caro Baroja. |
| 260 |
_aMadrid : _bTaurus, _c[1979] |
||
| 300 |
_a308 p., 4 h. de lám. : _bil. ; _c21 cm. |
||
| 490 | 1 |
_aLa otra historia de España ; _v3 |
|
| 650 | 4 |
_aFiestas- _xEspaña. _912778 |
|
| 830 | 1 |
_aLa otra historia de España ; _v3 _9183413 |
|
| 852 | 4 |
_aES-MaACL _jA-10166 |
|
| 852 | 4 |
_aES-MaACL _jA-10168 |
|
| 999 |
_c40481 _d40481 |
||